1824 1464 1571 1209 1747 1243 1036 1833 1218 1824 1794 1967 1163 1743 1525 1702 1010 1010 1608 1737 1382 1968 1037 1871 1590 1826 1279 1897 1583 1454 1275 1458 1322 1868 1688 1285 1585 1488 1053 1878 1054 1027 1496 1777 1563 1188 1386 1123 1114 1639 1595 1871 1177 1803 1718 1875 1383 1105 1825 1959 1112 1225 1793 1207 1339 1709 1771 1114 1939 1179 1597 1428 1955 1859 1416 1167 1965 1027 1742 1664 1081 1015 1952 1801 1047 1547 1032 1623 1509 1766 1299 1453 1326 1020 1715 1149 1056 1649 1294 BCNSPRNW ULIB Ver.6.0+V

เปลี่ยนเป็นภาษาไทย

Change to English
 แสดงรายละเอียดบรรณานุกรม
  กลับหน้าหลัก

Brief Record : Get Marc (ISO 2709) : E-mail record : QR code < ปิดหน้าต่าง
LEADER : 00000nam 2200000uu 4500
001    13399123862
003     ULIB
008    141212s2557||||th 000 0 tha d
020    ^a9786169197201
060  4 ^aWS460^bC337
110 1  ราชวิทยาลัยกุมารแพทย์แห่งประเทศไทย^bอนุกรรมการสุขภาพวัยรุ่น
245 00 ^aCase-based approach in adolescent medicine /^cบรรณาธิการ สมจิตร์ จารุรัตนศิริกุล ... [และคนอื่นๆ]
250    ^aพิมพ์ครั้งที่ 1
260    ^aกรุงเทพฯ :^bบียอนด์ เอ็นเทอร์ไพรซ์,^c2557
300    ^axiv, 220 หน้า :^bภาพประกอบ
650  7 ^aวัยรุ่น
650  7 ^aวัยรุ่น^xสุขภาพและอนามัย
700 0  ^aสมจิตร์ จารุรัตนศิริกุล,^eบรรณาธิการ
700 0  ^aศิริไชย หงษ์สงวนศรี,^eบรรณาธิการ
700 0  ^aบุญยิ่ง มานะบริบูรณ์,^eบรรณาธิการ
700 0  ^aรสวันต์ อารีมิตร,^eบรรณาธิการ
710 1  ชมรมสุขภาพวัยรุ่น
945    ^p300^l0^i22417
945    ^p300^l0^i22418
999    ^aทศพร เกษรทอง
รายการนี้ยังไม่มีแท็ก
คุณยังไม่ได้ล็อกอิน คุณสามารถมีกิจกรรมร่วมกับเว็บไซต์ได้ แต่ต้องล็อกอินก่อน ::
  ล็อกอิน

รายการสื่อสารสนเทศ

ลำดับที่ ประเภท เลขเรียก/บาร์โค้ด สถานที่ สถานะ
1. วิทยาศาสตร์การแพทย์ และสุขภาพ
วิทยาศาสตร์การแพทย์ และสุขภาพ
สถานะ=หนังสือเก่า
WS460 C337 ฉ.1 
  Barcode: 22417
ห้องสมุดวิทยาเขตนครสวรรค์
►ส่วนจัดเก็บหนังสือเก่า นว.
บนชั้น
  ขอยืม
2. วิทยาศาสตร์การแพทย์ และสุขภาพ
วิทยาศาสตร์การแพทย์ และสุขภาพ
สถานะ=หนังสือเก่า
WS460 C337 ฉ.2 
  Barcode: 22418
ห้องสมุดวิทยาเขตนครสวรรค์
►ส่วนจัดเก็บหนังสือเก่า นว.
บนชั้น
  ขอยืม

รายการใกล้เคียง
    หัวเรื่อง [วัยรุ่น]

BibComment


ยังไม่เคยถูกคอมเมนท์

คอมเมนท์ทรัพยากรรายการนี้
  คอมเมนท์: Casebased approa..


 Copyright 2026. Bcnsprnw @Library